Städte mit "Q" - Statistiken

Allgemein
  • Dieses Quiz wurde 24 mal gespielt
  • Das Durchschnittsergebnis liegt bei 5 aus 19
Antwortstatistiken
Land Stadt % Korrekt
Deutschland 🇩🇪 Quedlinburg
81%
Ecuador 🇪🇨 Quito
76%
Kanada 🍁 Quebec
67%
Deutschland 🇩🇪 Quakenbrück
52%
Deutschland 🇩🇪 Quickborn
52%
China 🇨🇳 Qingdao
33%
Deutschland 🇩🇪 Querfurt
29%
Frankreich 🇫🇷 Quimper
24%
Iran 🇮🇷 Qom
19%
Pakistan 🇵🇰 Quetta
10%
China 🇨🇳 Qiqihar
5%
Mexiko 🇲🇽 Queretaro
5%
Deutschland 🇩🇪 Quierschied
5%
Usbekistan 🇺🇿 Qarshi
0%
Ägypten 🇪🇬 Qena
0%
China 🇨🇳 Qinhuangdao
0%
China 🇨🇳 Quanzhou
0%
Brasilien 🇧🇷 Queimados
0%
Vietnam 🇻🇳 Qui Nhon
0%
Keine übereinstimmenden Quizze gefunden
Verteilung der Resultate
Anzahl Personen mit jedem Resultat
Perzentil nach korrekt beantworteten Fragen
Ihre Resultats-Entwicklung
Sie haben dieses Quiz noch nicht gespielt